| Registos Bibliográficos associados ao registo de autoridade |
|
Etiqueta de registo: 00000nkm 2200025 450 001 2269204 003 http://id.bnportugal.gov.pt/bib/catbnp/2269204 100 ## $a20260220d1987 m y0pory01030103ba 101 0# $apor 102 ## $aPT 200 1# $a1.ªs Jornadas Arqueológicas Torres Vedras, 3 a 5 abril 1987$bVisual gráfico]$fInstituto Arquelógico Alemão, Câmara Municipal de Torres Vedras 210 #9 $aTorres Vedras$cInstituto Arqueológico Alemão$cCâmara Municipal de Torres Vedras,$d1987$eTorres Vedras:$gTip. A União, Lda.) 215 ## $a1 cartaz$ccolor.$d49,2x34,5 cm 312 ## $aInclui: Exposição Zambujal '87, Clube Artístico e Comercial, 3 a 26 abril 317 ## $aColeção Madeira Luís 710 12 $aJornadas Arqueológicas de Torres Vedras,$d1,$f1987$31105186 712 02 $aInstituto Arqueológico Alemão$4557$31986324 712 01 $aTorres Vedras.$bCâmara Municipal$4557$319580 801 #0 $aPT$bBN$gRPC 966 ## $lBN$mICONOG$sCT. 14660 V.$x3 971 ## $cCatmusica8$d20260220 995 ## $aPRR2026 $d20260220$iCatmusica8
Etiqueta de registo: 00000nkm 2200025 450 001 2273843 003 http://id.bnportugal.gov.pt/bib/catbnp/2273843 100 ## $a20260302d1985 m y0pory01030103ba 101 0# $apor 102 ## $aPT 200 1# $aCerâmica de Alpiarça, da colecção arqueológica do Museu dos Patudos e do Museu de
Antropologia da Universidade do Porto, e peças comparáveis de outras colecções, Alpiarça,
15 de junho a 7 de julho de 1985, Exposição Temporária na Galeria dos Patudos$bVisual gráfico]$fFotos:P.Witte$gDesg.:IAA-Lx 210 #9 $a[S.l.$cs.n.],$d1985 215 ## $a1 cartaz$cp&b.$d53,3x41,2 cm 317 ## $aColeção Madeira Luís 330 ## $aCartaz contém uma prova de contacto de oito fotografias a preto e branco de peças
cerâmicas 702 #1 $aWitte,$bP.$4600$31988090 712 02 $aInstituto Arqueológico Alemão$4410$31986324 801 #0 $aPT$bBN$gRPC 966 ## $lBN$mICONOG$sCT. 23035 A.$x3 971 ## $cCaticonografia5$d20260302 995 ## $aPRR2026
|
|
|